| 000 -ლიდერი |
| ფიქსირებული სიგრძის საკონტროლო ველი |
01085nam a22002177a 4500 |
| 003 - საკონტროლო ნომრის იდენტიფიკატორი |
| საკონტროლო ველი |
Ge_BSU |
| 005 - ბოლო ოპერაციის თარიღი და დრო |
| საკონტროლო ველი |
20241115145436.0 |
| 008 - ფიქსირებული სიგრძის მონაცემთა ელემენტები - ზოგადი ინფორმაცია |
| ფიქსირებული სიგრძის საკონტროლო ველი |
241115s1982 ge ||||| |||| 00| 0 geo d |
| 041 ## - ენის კოდი |
| Language code of text/sound track or separate title |
geo |
| 080 ## - უნივერსალური ათობითი კლასიფიკაციის ინდექსი |
| Universal Decimal Classification number |
613.83:616.89-008.441.33 მ-14 |
| 245 ## - ცნობა სათაურის შესახებ |
| Title |
მავნე ჩვევიდან მძიმე დაავადებამდე : |
| Remainder of title |
ნარკვევები ნარკომანიის შესახებ / |
| Statement of responsibility, etc |
ა. ზურაბაშვილი, ა. გაბიანი, გ. ლეჟავა, ბ. ნანეიშვილი. |
| 264 ## - წარმოების, გამოცემის, დისტრიბუციის და სხვა ცნობები |
| გამოცემის, წარმოების, დისტრიბუციის... ადგილი |
თბილისი : |
| გამოცემის, წარმოების, დისტრიბუციის... სახელწოდება |
საბჭ. საქართველო, |
| გამოცემის, წარმოების, დისტრიბუციის... თარიღი |
1982. |
| 300 ## - ფიზიკური აღწერა |
| Extent |
109 გვ. ; |
| Other physical details |
20 სმ. |
| 653 ## - INDEX TERM--UNCONTROLLED |
| Uncontrolled term |
ნარკოტიკების გავლენა ორგანიზმზე. |
| 653 ## - INDEX TERM--UNCONTROLLED |
| Uncontrolled term |
მედიცინა |
| 700 ## - ADDED ENTRY--PERSONAL NAME |
| Personal name |
ზურაბაშვილი, ა |
| 9 (RLIN) |
19726 |
| 700 ## - ADDED ENTRY--PERSONAL NAME |
| Personal name |
გაბიანი, ა. |
| 9 (RLIN) |
23704 |
| 700 ## - ADDED ENTRY--PERSONAL NAME |
| Personal name |
ლეჟავა, გ. |
| 9 (RLIN) |
3023 |
| 700 ## - ADDED ENTRY--PERSONAL NAME |
| Personal name |
ნანეიშვილი, ბ |
| 9 (RLIN) |
23705 |
| 942 ## - ADDED ENTRY ELEMENTS (KOHA) |
| Source of classification or shelving scheme |
|
| Koha item type |
წიგნი |